Розширення ЄС та досвід реформ країн Центрально-Східної Європи у контексті приєднання до ЄС: робочий зошит до модуля (Запис № 356250)

МАРК-запис
000 -Лідер
fixed length control field 00815nam a22002537a 4500
003 - Ідентифікатор контрольного номера
control field UA-OsUOA
001 - Контрольний номер
control field 69974
007 - Фіксоване поле фізичного опису
fixed length control field ta
008 - Елементи даних фіксованої довжини – загальна інформація
fixed length control field 20100712b un ||||| |||| 00| 0 ukr d
090 ## - Локальний шифр розміщення
Класифікаційний індекс УДК 341.17
Авторський знак (НП) Г56
040 ## - Джерело каталогізації
Агенція оригінальної каталогізації UA-OsUOA
Мова каталогізації ukr
Агенція, яка здійснювала перезапис UA-OsUOA
Агенція, яка здійснювала модифікацію UA-OsUOA
041 ## - Код мови
Код мови тексту/ звукової доріжки чи окремого заголовка (П) ukr
080 ## - Індекс Універсальної десяткової класифікації
Індекс Універсальної десяткової класифікації (УДК) (НП) 341.17
020 ## - Міжнародний стандартний книжковий номер (ISBN)
Міжнародний стандартний книжковий номер (ISBN) (НП) 978-966-8063-80-17
100 ## - Основне введення – ім’я особи
Ім’я особи (НП) Гнидюк Н. А.
245 ## - Відомості про назву
Назва (НП) Розширення ЄС та досвід реформ країн Центрально-Східної Європи у контексті приєднання до ЄС: робочий зошит до модуля
260 ## - Публікація, розповсюдження і т.п. (Вихідні дані)
Місце публікації, розповсюдження і т.п. (П) К.
Ім’я/ наймення видавництва, розповсюджувача і т.п. (П) Міленіум
Дата публікації, розповсюдження і т.п. (П) 2009
300 ## - Фізичний опис
Обсяг 44 с.
650 #7 - Додаткове предметне введення – тематичний термін
Тематичний термін чи географічна назва, як елемент введення (НП) 0 Загальний відділ.
Джерело заголовка чи терміна UDC
700 ## - Додаткове введення – ім'я особи
Ім’я особи (НП) Стрельнов В. Ю.
942 ## - Додаткові елементи входу (Коха)
Тип елемента Koha Книги
955 ## - Код типу видання за змістом
Код типу видання за змістом (НП) Навчальні видання
Фонди
Стан вилучень Стан втрат Джерело класифікації або схеми стелажів Стан уражень Не для кредиту Постійне місце розташування Поточне розміщення Дата придбання Джерело придбання Вартість, звичайна ціна покупки Інвентарний номер Усього замовленно Повний номер виклику Штрих-код Дата останнього перегляду Ціна ефективна від Тип елемента Koha
    Universal Decimal Classification     ЧЗ - Читальна зала ЧЗ - Читальна зала 12/07/2010 67/2010 1.00 128762   341.17 Г56 128762 06/02/2022 12/07/2010 Книги
    Universal Decimal Classification     ЧЗ - Читальна зала ЧЗ - Читальна зала 12/07/2010 67/2010 1.00 128763   341.17 Г56 128763 06/02/2022 12/07/2010 Книги
    Universal Decimal Classification     ЧЗ - Читальна зала ЧЗ - Читальна зала 12/07/2010 67/2010 1.00 128764   341.17 Г56 128764 06/02/2022 12/07/2010 Книги
    Universal Decimal Classification     ЧЗ - Читальна зала ЧЗ - Читальна зала 12/07/2010 67/2010 1.00 128765   341.17 Г56 128765 06/02/2022 12/07/2010 Книги
Withdrawn   Universal Decimal Classification     ЧЗ - Читальна зала ЧЗ - Читальна зала 12/07/2010 67/2010 1.00 128766   341.17 Г56 128766 13/07/2019 12/07/2010 Книги
    Universal Decimal Classification     ЧЗ - Читальна зала ЧЗ - Читальна зала 12/07/2010 67/2010 1.00 128767   341.17 Г56 128767 06/02/2022 12/07/2010 Книги
    Universal Decimal Classification     ЧЗ - Читальна зала ЧЗ - Читальна зала 12/07/2010 67/2010 1.00 128768   341.17 Г56 128768 06/02/2022 12/07/2010 Книги
    Universal Decimal Classification     ЧЗ - Читальна зала ЧЗ - Читальна зала 12/07/2010 67/2010 1.00 128769   341.17 Г56 128769 06/02/2022 12/07/2010 Книги
    Universal Decimal Classification     ЧЗ - Читальна зала ЧЗ - Читальна зала 12/07/2010 67/2010 1.00 128770   341.17 Г56 128770 06/02/2022 12/07/2010 Книги
    Universal Decimal Classification     ЧЗ - Читальна зала ЧЗ - Читальна зала 12/07/2010 67/2010 1.00 128771   341.17 Г56 128771 06/02/2022 12/07/2010 Книги